Statistiken für Hexadezimalzahlen addieren bis 20

Klicken Sie hier um das Quiz zu spielen!

Allgemein

  • Dieses Quiz wurde 193 mal gespielt
  • Das Durchschnittsergebnis liegt bei 9 aus 20

Antwortstatistiken

HintAntwort% Korrekt
0+00
100%
9+710
100%
D+310
100%
4+C10
100%
10+010
100%
C+511
100%
4+D11
100%
F+312
100%
A+812
100%
8+B13
100%
5+E13
100%
7+C13
100%
3+1013
100%
B+813
100%
F+413
100%
9+B14
100%
4+1014
100%
10+515
100%
5+1015
100%
10+616
100%
7+1017
100%
C+B17
100%
D+A17
100%
E+A18
100%
8+1018
100%
A+F19
100%
B+F1A
100%
F+C1B
100%
E+E1C
100%
3+03
100%
0+55
100%
3+25
100%
2+35
100%
1+56
100%
5+16
100%
3+36
100%
2+46
100%
2+57
100%
4+48
100%
6+28
100%
3+58
100%
7+18
100%
2+68
100%
0+88
100%
1+78
100%
6+39
100%
7+29
100%
5+49
100%
4+59
100%
9+09
100%
4+6A
100%
6+4A
100%
5+7C
100%
2+AC
100%
A+3D
100%
7+6D
100%
0+DD
100%
2+BD
100%
C+2E
100%
B+4F
100%
C+3F
100%
A+5F
100%
7+8F
100%
1+EF
100%
6+9F
100%
1+34
80%
0+66
80%
0+77
80%
4+F13
75%
7+5C
75%
3+E11
67%
6+B11
67%
A+711
67%
9+912
67%
10+212
67%
A+913
67%
D+815
67%
8+D15
67%
D+C19
67%
9+1019
67%
2+13
67%
1+23
67%
0+33
67%
4+15
67%
8+08
67%
3+7A
67%
1+9A
67%
8+5D
67%
1+DE
67%
A+4E
67%
E+1F
67%
1+BC
60%
1+F10
50%
C+410
50%
3+D10
50%
E+210
50%
E+311
50%
5+D12
50%
7+B12
50%
C+713
50%
D+613
50%
10+414
50%
F+514
50%
7+D14
50%
D+714
50%
E+715
50%
6+1016
50%
10+717
50%
D+B18
50%
E+C1A
50%
B+101B
50%
10+D1D
50%
E+F1D
50%
F+E1D
50%
10+F1F
50%
0+22
50%
10+1020
50%
0+44
50%
4+26
50%
4+37
50%
3+47
50%
5+38
50%
2+79
50%
0+AA
50%
6+5B
50%
6+6C
50%
9+3C
50%
A+2C
50%
4+8C
50%
D+0D
50%
3+AD
50%
7+7E
50%
0+EE
50%
4+BF
50%
3+CF
50%
F+B1A
43%
C+0C
43%
8+F17
40%
1+01
33%
10+111
33%
C+612
33%
E+412
33%
B+A15
33%
9+D16
33%
A+C16
33%
C+E1A
33%
A+101A
33%
F+F1E
33%
3+14
33%
5+05
33%
A+0A
33%
8+2A
33%
9+1A
33%
A+1B
33%
5+6B
33%
4+7B
33%
8+3B
33%
B+1C
33%
B+2D
33%
9+4D
33%
4+9D
33%
D+1E
33%
4+AE
33%
7+A11
25%
B+B16
25%
F+716
25%
10+919
25%
7+07
25%
7+3A
25%
2+9B
25%
0+BB
25%
6+7D
25%
B+3E
25%
1+1011
20%
A+D17
20%
5+AF
20%
0+11
0%
B+510
0%
6+A10
0%
F+110
0%
A+610
0%
7+910
0%
0+1010
0%
2+E10
0%
5+B10
0%
8+810
0%
D+411
0%
9+811
0%
2+F11
0%
5+C11
0%
F+211
0%
8+911
0%
B+611
0%
D+512
0%
2+1012
0%
3+F12
0%
4+E12
0%
6+C12
0%
8+A12
0%
B+712
0%
6+D13
0%
10+313
0%
E+513
0%
9+A13
0%
B+914
0%
5+F14
0%
E+614
0%
C+814
0%
8+C14
0%
A+A14
0%
6+E14
0%
6+F15
0%
9+C15
0%
F+615
0%
7+E15
0%
A+B15
0%
C+915
0%
E+816
0%
D+916
0%
7+F16
0%
C+A16
0%
8+E16
0%
F+817
0%
E+917
0%
9+E17
0%
B+C17
0%
9+F18
0%
F+918
0%
C+C18
0%
B+D18
0%
10+818
0%
A+E18
0%
F+A19
0%
B+E19
0%
E+B19
0%
C+D19
0%
D+D1A
0%
10+A1A
0%
D+E1B
0%
C+F1B
0%
E+D1B
0%
10+B1B
0%
C+101C
0%
F+D1C
0%
10+C1C
0%
D+F1C
0%
D+101D
0%
E+101E
0%
10+E1E
0%
F+101F
0%
2+02
0%
1+12
0%
4+04
0%
2+24
0%
1+45
0%
6+06
0%
6+17
0%
1+67
0%
5+27
0%
3+69
0%
1+89
0%
8+19
0%
0+99
0%
5+5A
0%
2+8A
0%
7+4B
0%
3+8B
0%
9+2B
0%
B+0B
0%
1+AB
0%
0+CC
0%
8+4C
0%
3+9C
0%
C+1D
0%
5+8D
0%
1+CD
0%
9+5E
0%
E+0E
0%
5+9E
0%
2+CE
0%
3+BE
0%
6+8E
0%
8+6E
0%
9+6F
0%
2+DF
0%
F+0F
0%
8+7F
0%
0+FF
0%
D+2F
0%

Verteilung der Resultate

Perzentil nach korrekt beantworteten Fragen

Anzahl Personen mit jedem Resultat

Ihre Resultats-Entwicklung

Sie haben dieses Quiz noch nicht gespielt